000 01400nam a2200325 4500
003 CO-PeBPR
005 20260428150555.0
008 260415e2024 ck a|||| n||| 00| 0 spa c
020 _a9786289562118
040 0 _aCO-PeBPR
_bspa
_cCO-PeBPR
_erda
041 0 _hspa
082 0 4 _a(i) M863 C313c
100 1 _aCarrasco, Elsa
_eautora
245 1 0 _aCuenta conmigo
_c/ Elsa Carrasco, Nancy Anaya ; ilustraciones de Paco Baca
250 _aEdición especial
264 1 _aBogotá, Colombia
_b: Caballito de Acero
_c, 2024
300 _a[38] páginas sin enumerar
_b: ilustraciones a color
_c; 20 centímetros
336 _atexto
_btxt
_crdacontenido
337 _asin mediación
_bn
_2rdamedio
338 _avolumen
_bnc
_2rdasoporte
490 _aPlan Nacional de Lectura, Escritura y Oralidad / Ministerio de Cultura, Las Artes y los Saberes
520 _aEsta es la historia de Arturo, un niño con autismo que ama el fútbol, se viste de azul y observa con atención todas las cosas que lo rodean. Con él aprenderás a ver el mundo a través de sus ojos, y tendrás un amigo con quien contar.
650 1 4 _2LEMB
_aAutismo en la literatura
650 1 4 _2LEMB
_aCuentos infantiles mexicanos
650 1 4 _2LEMB
_aLibros ilustrados para niños
650 1 4 _2LEMB
_aLiteratura infantil mexicana
700 1 _aAnaya García, Nancy
_eautora
700 1 _aBaca, Paco
_eilustrador
942 _2ddc
_cBKINF
999 _c17808
_d17808